000 00696nam a2200217Ia 4500
003 GCL
008 140319s9999 xx 000 0 ara d
040 _aGCL /
_cGCL
082 0 4 _a956.5
_bق ا
245 1 0 _aاسواق دمشق القديمة ومشيداتها التاريخية بحث ميدانى بعدسة المؤلف
300 _a534 ص
490 _a
650 0 4 _aدمشق
650 0 4 _aالعمارة الاسلامية
650 0 4 _aالاثار الاسلامية
650 0 4 _aالمدن العربية
650 0 4 _aسوريا - تاريخ
650 0 4 _aسوريا - تاريخ - العصر الاسلامى 1963
650 0 4 _aاسواق الشرق
942 _2ddc
_cBK
999 _c37962
_d37962